Guía para el estudio de los monumentos esculpidos de Chinkultic, Chiapas

Guardat en:
Dades bibliogràfiques
Autor principal: Navarrete Cáceres, Carlos (autor)
Format: Llibre
Idioma:espanyol
Publicat: Ciudad de México Universidad Nacional Autónoma de México 1984
Matèries:
Etiquetes: Afegir etiqueta
Sense etiquetes, Sigues el primer a etiquetar aquest registre!

MARC

LEADER 00000nam a2200000 a 4500
001 UCX2546
003 CL-VaPUC
008 910618e19840000MX |||||||||||||||||spa|d
082 0 4 |a 731.76  |b NAV  |2 21 
100 |a Navarrete Cáceres, Carlos  |e autor  |9 318903 
245 1 0 |a Guía para el estudio de los monumentos esculpidos de Chinkultic, Chiapas 
300 |a 88 p 
942 |c BK 
945 |d 19910618 00:00:00 
260 |a Ciudad de México  |b Universidad Nacional Autónoma de México  |c 1984 
650 7 |a MONUMENTOS GUIAS  |2 CL-VaPUC  |9 318500 
651 0 |a México  |9 255269 
583 |a last modification  |c 19910618 00:00:00  |k Rodrigo Vera 
999 |c 223541  |d 223539 
952 |0 0  |1 0  |4 0  |6 731_760000000000000_NAV_1984  |7 0  |8 A  |9 219456  |a BIBHIS  |b BIBHIS  |d 2019-11-15  |i 2881829  |o 731.76 NAV 1984  |p 2881829  |r 2025-01-20  |w 2019-11-15  |y BK  |k HIS